00507nam a22001577a 450000500170000000800410001702000150005804100130007308200130008610000270009924500990012625000190022526000470024430000320029165000260032320231123090656.0231123b |||||||| |||| 00| 0 eng d a0702135445 aEnglish  a342 BEN  aBennett, TW lEnglish  aHuman Rights and African Customary Law : bUnder the South African Constitution / cTW Bennett aFirst Edition  aCape Town : bJuta and Company Ltd, c1995 bxli, 174 pages ; c25,5 cm. aLegal practice bLaw